Ładuje się......
Judges of the Supreme Court of India, 1950-1989
| 1. autor: | |
|---|---|
| Format: | Printed Book |
| Wydane: |
New Delhi
Oxford University Press
2013
|
| Hasła przedmiotowe: |
| LEADER | 00541nam a22001577a 4500 | ||
|---|---|---|---|
| 020 | |a 9780198070610 | ||
| 082 | |a 347.54014 |b GAD/J | ||
| 100 | |a Gadbois,George H. | ||
| 245 | |a Judges of the Supreme Court of India, 1950-1989 | ||
| 260 | |a New Delhi |b Oxford University Press |c 2013 | ||
| 300 | |a 412p. | ||
| 650 | |a India-Judges | ||
| 650 | |a India-Supreme Court | ||
| 942 | |c BK | ||
| 999 | |c 36090 |d 36090 | ||
| 952 | |0 0 |1 0 |4 0 |6 347_540140000000000_GADJ |7 0 |8 Stack |9 38180 |a KUCL |b KUCL |c Stack |d 2015-11-21 |g 895.00 |l 0 |o 347.54014 GAD/J |p 35270 |r 2015-11-21 |w 2015-11-21 |y BK | ||